FAO's BEFS approach : implementation guide /

Bibliographic Details
Main Author: Beall, Elizabeth (Author)
Corporate Author: Food and Agriculture Organization of the United Nations. Bioenergy and Food Security Project
Format: Book
Language:English
Published: Rome : FAO, [2014]
Subjects:

MARC

Tag First Indicator Second Indicator Subfields
LEADER 00000cam a2200000Ii 4500
001 in00003441250
005 20140813175321.0
008 140721t20142014it a 000 0 eng d
035 |a (OCoLC)ocn884303315 
040 |a YDXCP  |b eng  |e rda  |c YDXCP  |d TXA 
020 |a 9251082227 
020 |a 9789251082225 
035 |a (OCoLC)884303315 
090 |a HD9502.5.B542  |b F36 2014 
049 |a TXAM 
245 0 0 |a FAO's BEFS approach :  |b implementation guide /  |c prepared by Elizabeth Beall, Andrea Rossi, Irini Maltsoglou and Erika Felix under the overall supervision of Heiner Thofern. 
246 1 |i Title appears as:  |a FAO's BEFS bioenergy & food security approach 
264 1 |a Rome :  |b FAO,  |c [2014] 
264 4 |c ©2014 
300 |a 44 pages :  |b color illustrations ;  |c 21 cm 
336 |a text  |b txt  |2 rdacontent 
337 |a unmediated  |b n  |2 rdamedia 
338 |a volume  |b nc  |2 rdacarrier 
500 |a "BEFS" 
500 |a Cover title. 
650 0 |a Biomass energy. 
650 0 |a Food security. 
700 1 |a Beall, Elizabeth,  |e author. 
710 2 |a Food and Agriculture Organization of the United Nations.  |b Bioenergy and Food Security Project. 
994 |a C0  |b TXA 
948 |a cataloged  |b h  |c 2014/8/13  |d c  |e nbehmer  |f 5:53:11 pm 
999 f f |s ae518e51-b275-3909-a533-ea1bb225c814  |i 149100d3-45ca-3d58-a0de-167146fee8b9  |t 0 
952 f f |p normal  |a Texas A&M University  |b College Station  |c Sterling C. Evans Library  |d Evans: Library Stacks  |t 0  |e HD9502.5.B542 F36 2014  |h Library of Congress classification  |i unmediated -- volume  |m A14842485477 
998 f f |a HD9502.5.B542 F36 2014  |t 0  |l Evans: Library Stacks